| 000 | 01379nam0a2200361 4500 | ||
|---|---|---|---|
| 001 | RU\NLR\bibl\142980 | ||
| 005 | 20260407063053.0 | ||
| 010 | _dБ. ц. | ||
| 020 |
_aRU _b98-30100 _9Книжная летопись |
||
| 021 |
_aRU _b98-21103 _9998 |
||
| 035 | _a(NLR Aleph) 000140070 | ||
| 090 |
_a801563 _c801563 |
||
| 100 | _a20000410d1998 |||y0rusy50 ca | ||
| 101 | 0 | _arus | |
| 102 | _aRU | ||
| 105 | _aa ||||||||| | ||
| 200 | 1 |
_aColor Page Pro _eРук. пользователя _f[Компания] "Minolta" |
|
| 210 |
_a[М.] _cMinolta. Моск. представительство _d[1998?] |
||
| 215 |
_a[314] с. разд. паг. _cил. _d21 |
||
| 606 | 0 |
_aMINOLTA COLOR PAGE PRO , лазерные принтеры _jРуководства, пособия и т.п. _92200884 _3RU\NLR\auth\661322554 |
|
| 610 | 0 | _aВычислительные машины электронные персональные - Печатающие устройства | |
| 675 |
_a681.3:004.356.2 _v3 _zrus |
||
| 686 |
_a50 _2rugasnti |
||
| 686 |
_a32.97 _2rubbk |
||
| 686 | _aЗ973.2-044.7я7 | ||
| 711 | 0 | 2 |
_a"Minolta", компания _cАвстрия _9559184 _3RU\NLR\AUTH\8810030328 |
| 801 | 0 |
_aRU _bRKP _c20000410 _gPSBO |
|
| 801 | 1 |
_aRU _bRKP _c20000410 |
|
| 801 | 2 |
_aRU _bNLR _c20010417 _grcr |
|
| 852 |
_aNLR _j2000-3/10435 |
||
| 942 | _cBOOK | ||
| 980 | _aNB | ||